Vainqueurs de la Coupe d'Asie des Nations - Statistiques

Statistiques générales
  • Ce quiz a été pris 221 fois
  • Le résultat moyen est 7 sur 9
Statistiques - réponses
Nombre de titre Pays % Correct
4 titres Japon
99%
2 titres Corée du Sud
96%
3 titres Arabie saoudite
90%
3 titres Iran
85%
1titre Qatar
81%
1 titre Irak
77%
1 titre Australie
69%
1 titre Israël
48%
1 titre Koweït
44%
Aucun quiz correspondant
Distribution des résultats
% des personnes avec chaque résultat
Percentile par nombre de réponses
Votre historique - résultats
Vous n’avez pas pris ce quiz